Statistics for Dinosaur Names & Meanings: F

Click here to take the quiz!

General Stats

  • This quiz has been taken 42 times
  • The average score is 5 of 10

Answer Stats

MeaningName% Correct
Fabre’s lizardFabrosaurus
97%
Fukui thiefFukuiraptor
94%
Fusui lizardFusuisaurus
84%
Fergana valley lizardFerganasaurus
68%
Fruita toothFruitadens
68%
Foster's hunterFosterovenator
45%
Sickle cutterFalcarius
23%
Fergana Province headFerganocephale
23%
Giant chief lizardFutalognkosaurus
23%
Iron lizardFerrisaurus
13%

Score Distribution

Percentile by Number Answered

Percent of People with Each Score

Your Score History

You have not taken this quiz